000 00637cam a2200181 i 4500
005 20260202112611.0
008 250721s2021 jo gr 000 0 ara d
082 1 4 _a371.2
_bع م ر
100 1 _aعمرو، محمد عبد القادر
_eمؤلف.
245 1 2 _aالادارة والتربية /
_cالمؤلف محمد عبدالقادر عمرو.
250 _aالطبعة الثانية.
264 3 1 _aعمان :
_bمحمد عبد القادر عمرو.
_c2021.
300 _a155صفحة.
650 1 7 _aالادارة التربوية.
650 1 7 _aالتربية.
942 _2ddc
_cBK
999 _c144604
_d144604